Statistiche per Elenca gli stadi di serie B

Clicka qui per fare il quiz!

Statistiche generali

  • Questo quiz è stato fatto 21 volte
  • Il punteggio medio è 11 su 20

Statistiche sulle risposte

SquadraCapienzaStadio% Corretto
Bari58.270San Nicola
100%
Parma22.352Ennio Tardini
94%
Sampdoria36.348Luigi Ferraris
89%
Palermo36.365Renzo Barbera
89%
Spezia11.676Alberto Picco
78%
Brescia19.550Mario Rigamonti
78%
Cremonese16.003Giovanni Zini
67%
Venezia11.150Pier Luigi Penzo
56%
Modena21.151Alberto Braglia
50%
Ascoli20.550Cino e Lillo Del Duca
50%
Sudtirol5.500Druso
50%
Cittadella7.623Piercesare Tombolato
50%
Catanzaro14.650Nicola Ceravolo
39%
Cosenza24.479San Vito-Luigi Marulla
39%
Ternana22.000Libero Liberati
33%
Como13.602Giuseppe Sinigaglia
28%
Lecco4.997Mario Rigamonti-Mario Ceppi
28%
Pisa9.900Arena Garibaldi-Romeo Anconetani
22%
Reggiana21.584Mapei Stadium-Città del Tricolore
17%
Feralpisalò2.500Lino Turina
11%

Distribuzione punteggi

Percentile per numero di risposta

Percentuale di utenti per punteggio

I tuoi punteggi nel tempo

Non hai fatto questo quiz